| 000 | 006660000a22001810004500 | ||
|---|---|---|---|
| 003 | MACL | ||
| 005 | 20160522123356.0 | ||
| 008 | 160522b xxu||||| |||| 00| 0 eng d | ||
| 040 |
_aMACL _cMACL |
||
| 041 | _aHindi | ||
| 082 | _a891.433 KAL | ||
| 100 |
_aकालिया, रवीन्द्र _946643 |
||
| 245 |
_aहिन्दी की श्रेष्ठ प्रेम कहानियॉ _cरवीन्द्र कालिया |
||
| 260 |
_aनई दिल्ली _bभारतीय ज्ञानपीठ _c2010 |
||
| 350 | _a350 | ||
| 650 |
_aकहानी _958734 |
||
| 942 |
_cHIN _k891.433/KAL/S _2ddc |
||
| 999 |
_c48258 _d48258 |
||